| 000 -LEADER | |
|---|---|
| fixed length control field | 00491nam a22001817a 4500 |
| 005 - DATE AND TIME OF LATEST TRANSACTION | |
| control field | 20240108131540.0 |
| 008 - FIXED-LENGTH DATA ELEMENTS--GENERAL INFORMATION | |
| fixed length control field | 190604b xxu||||| |||| 00| 0 eng d |
| 020 ## - INTERNATIONAL STANDARD BOOK NUMBER | |
| ISBN | 978-81-85790-14-5 |
| 041 ## - LANGUAGE CODE | |
| Language code of text/sound track or separate title | eng |
| 082 ## - DEWEY DECIMAL CLASSIFICATION NUMBER | |
| Classification number | 610 |
| Item number | PAR-P |
| 100 ## - MAIN ENTRY--AUTHOR NAME | |
| Personal name | PARADKAR, DR. A. R. , GOKHALE S.B AND BAPAT Mrs. B.A |
| 245 ## - TITLE STATEMENT | |
| Title | PRACTICAL HOSPITAL AND CLINICAL PHARMACY |
| 250 ## - EDITION STATEMENT | |
| Edition statement | 17TH, 2019 |
| 260 ## - PUBLICATION, DISTRIBUTION, ETC. (IMPRINT) | |
| Place of publication | PUNE |
| Name of publisher | NIRALI PRAKASHAN |
| 300 ## - PHYSICAL DESCRIPTION | |
| Number of Pages | IV.6p, |
| 650 ## - SUBJECT ADDED ENTRY--TOPICAL TERM | |
| Topical Term | PHARMACY |
| General subdivision | B.PHARMA |
| 942 ## - ADDED ENTRY ELEMENTS (KOHA) | |
| Koha item type | Books |
| Lost status | Damaged status | Collection code | Home library | Current library | Shelving location | Date acquired | Source of acquisition | Cost, normal purchase price | Full call number | Accession Number | Koha item type |
|---|---|---|---|---|---|---|---|---|---|---|---|
| Reference | JRU Library | JRU Library | SHELF-4-C | 04/06/2019 | PURCHESS | 70.00 | 610 PAR-P | 23001 | Books | ||
| PHARMACY | JRU Library | JRU Library | Shelf - 27- F | 04/06/2019 | PURCHESS | 70.00 | 610 | 23002 | Books | ||
| PHARMACY | JRU Library | JRU Library | Shelf - 27- F | 04/06/2019 | PURCHESS | 70.00 | 610 | 23003 | Books | ||
| PHARMACY | JRU Library | JRU Library | Shelf - 27- F | 10/02/2022 | PURCHASE | 80.00 | 610 | 26283 | Books | ||
| PHARMACY | JRU Library | JRU Library | Shelf - 27- F | 10/02/2022 | PURCHASE | 80.00 | 610 | 26284 | Books | ||
| PHARMACY | JRU Library | JRU Library | Shelf - 27- F | 10/02/2022 | PURCHASE | 80.00 | 610 | 26285 | Books | ||
| PHARMACY | JRU Library | JRU Library | Shelf - 27- F | 10/02/2022 | PURCHASE | 80.00 | 610 | 26286 | Books | ||
| PHARMACY | JRU Library | JRU Library | Shelf - 27- F | 10/02/2022 | PURCHASE | 80.00 | 610 | 26287 | Books |